| 000 | 00969nam a22002537a 4500 | ||
|---|---|---|---|
| 005 | 20260408130316.0 | ||
| 008 | 260408b |||||||| |||| 00| 0 eng d | ||
| 040 |
_aLC _cUNZA _dUNZA _eRDA |
||
| 050 |
_aZAMB LC 2806.A35 _bSWE 1985 |
||
| 100 | _aGustafsson, Ingemar | ||
| 245 |
_aSwedish mission education in colonial Africa : _ba model for rural development? / _cIngemar Gustafsson [and] Christine McNab. |
||
| 260 |
_aStockholm: _bInstitute of International Education : University of Stockholm, _c1985 |
||
| 300 | _a29 pages. | ||
| 440 | _aUniversity of Stockholm. Institute of International Education. Reports, 71 | ||
| 504 | _aIncludes bibliographical references. | ||
| 650 | _aBilateral aid | ||
| 650 | _aColonialism | ||
| 650 | _aEducational development | ||
| 650 | _aInternational cooperation | ||
| 650 | _aTechnical cooperation | ||
| 700 | _aMcNab, Christine | ||
| 856 | _uhttps://unesdoc.unesco.org/ark:/48223/pf0000171088 | ||
| 942 | _cZAMBIANA | ||
| 999 |
_c216559 _d216559 |
||